000
00269nam a2200097Ia 4500
001
689287
005
20250826161631.0
008
250824s9999 xx 000 0 und d
245
0
_a
BEYAZ ZAMBAKLAR ÜLKESİNDE
_c
GRİGORİ PETROV
260
_b
TÜRKİYE İŞ BANKASI YAYINLARI
999
_c
689287
_d
689287